000
00398nam a2200133Ia 4500
008
100328s9999 xx 000 0 und d
082
_b
19846
100
_a
परांजपे अशोक
245
_a
रक्ताची तहान
260
_b
डिव्हाईन
630
_a
रक्ताची तहान
730
_a
रक्ताची तहान
942
_c
BOOK
999
_c
514094
_d
514091